Por culpa de una S / (Registro nro. 58382)

Detalles MARC
000 -CABECERA
Longitud fija campo de control 01123nam a2200349 a 4500
003 - • IDENTIFICADOR DELl NÚMERO DE CONTROL
Identificador del número de control CO-BoRNBP
005 - • FECHA Y HORA DE LA ÚLTIMA TRANSACCIÓN
Fecha y hora de la última transacción 20250821222613.0
007 - • CAMPO FIJO DE DESCRIPCIÓN FÍSICA
Campo fijo de descripción física ta
008 - • CÓDIGOS DE INFORMACIÓN DE LONGITUD FIJA
Códigos de información de longitud fija 180825s2015 ck a gr 000 f spa d
020 ## - • NÚMERO INTERNACIONAL NORMALIZADO PARA LIBROS
Número Internacional Normalizado para Libros (ISBN) 9789587764949
040 ## - FUENTE DE LA CATALOGACIÓN
Centro catalogador de origen CO-BoBLA
Lengua de catalogación spa
Centro transcriptor CO-BoBLA
043 ## - CÓDIGO DE ÁREA GEOGRÁFICA
Código de área geográfica nwcu---
082 04 - • NÚMERO DE LA CLASIFICACIÓN DECIMAL DEWEY
Número de clasificación (R) C863.6
Número del ítem R38p
Número de edición 19
084 ## - • Clasificación Local Alfanúmerica PNLB
Número de clasificación N REB
100 1# - • PUNTO DE ACCESO PRINCIPAL-NOMBRE DE PERSONA
Nombre de persona Rebull Pradas, Cristina.
245 10 - • TITULO PROPIAMENTE DICHO
Título Por culpa de una S /
Mención de responsabilidad, etc. Cristina Rebull ; ilustradora María Fernanda Mantilla.
250 ## - • MENCIÓN DE EDICIÓN
Mención de edición 1a. edición
300 ## - • DESCRIPCIÓN FÍSICA
Extensión 149 páginas :
Otras características físicas dibujos ;
Dimensiones 20 cm.
336 ## - TIPO DE CONTENIDO
Fuente rdacontent
Término de tipo de contenido texto
Código de tipo de contenido txt
337 ## - TIPO DE MEDIO
Fuente rdamedia
Nombre del tipo de medio sin mediación
Código del tipo de medio n
338 ## - TIPO DE SOPORTE
Fuente rdacarrier
Nombre del tipo de soporte volumen
Código del tipo de soporte nc
490 #0 - • MENCIÓN DE SERIE
Mención de serie Torre azul
650 #7 - • PUNTO DE ACCESO ADICIONAL DE MATERIA - TÉRMINO DE MATERIA
Término de materia o nombre geográfico como elemento inicial Novela juvenil cubana.
Fuente del encabezamiento o término BLAAUTO
650 #7 - • PUNTO DE ACCESO ADICIONAL DE MATERIA - TÉRMINO DE MATERIA
Término de materia o nombre geográfico como elemento inicial Pobreza
Subdivisión de forma Novela juvenil.
Fuente del encabezamiento o término BLAAUTO
650 #7 - • PUNTO DE ACCESO ADICIONAL DE MATERIA - TÉRMINO DE MATERIA
Término de materia o nombre geográfico como elemento inicial Familia
Subdivisión de forma Novela juvenil.
Fuente del encabezamiento o término BLAAUTO
650 #7 - • PUNTO DE ACCESO ADICIONAL DE MATERIA - TÉRMINO DE MATERIA
Término de materia o nombre geográfico como elemento inicial Tolerancia
Subdivisión de forma Novela juvenil.
Fuente del encabezamiento o término BLAAUTO
700 1# - • PUNTO DE ACCESO ADICIONAL - NOMBRE DE PERSONA
Nombre de persona Mantilla, María Fernanda,
Término indicativo de función ilustradora.
830 #0 - • PUNTO DE ACCESO ADICIONAL DE SERIE - TÍTULO UNIFORME
Título uniforme Programa de catalogación en la publicación
942 ## - ENTRADA DE ELEMENTOS AGREGADOS (KOHA)
Fuente de clasificaión o esquema Dewey Decimal Classification
Koha [por defecto] tipo de item LIbro
949 ## - TRATAMIENTO DE LA INFORMACIÓN LOCAL (OCLC)
a n
b n
Existencias
Perdido Fuente de clasificación o esquema Estado Físico No para préstamo Forma de adquisición Localización permanente Localización actual Localización en estanterías Fecha adquisición Préstamos totales Renovaciones totales Signatura completa Código de barras Prestado Fecha última consulta Fecha último préstamo Número de copia Fecha del precio de reemplazo Tipo de item de Koha
  Clasificación Local Facetada     Infantil Biblioteca Pública San Juanito - Ernesto Maria Peña Romero Biblioteca Pública San Juanito - Ernesto Maria Peña Romero Sala Infantil 08/21/2025 1 2 N REB SJU01519 04/22/2026 03/11/2026 03/11/2026 Ej.1 08/21/2025 LIbro









Instituto Departamental de Cultura del Meta - Red Departamental de Bibliotecas Públicas del Meta.